Using UK grown Sitka spruce for external cladding (Record no. 105912)
[ view plain ]
| 000 -LEADER | |
|---|---|
| fixed length control field | 01050cam a2200253 4500 |
| 001 - CONTROL NUMBER | |
| control field | ##L135084 |
| 008 - FIXED-LENGTH DATA ELEMENTS--GENERAL INFORMATION | |
| fixed length control field | 060925n2006 000 0 eng u |
| 020 ## - INTERNATIONAL STANDARD BOOK NUMBER | |
| International Standard Book Number | 186089176 |
| 035 ## - SYSTEM CONTROL NUMBER | |
| System control number | (Sirsi) u135084 |
| 041 0# - LANGUAGE CODE | |
| Language code of text/sound track or separate title | eng |
| 050 04 - LIBRARY OF CONGRESS CALL NUMBER | |
| Classification number | 693.892 $2 18 |
| 100 1# - MAIN ENTRY--PERSONAL NAME | |
| Personal name | Jones, Dennis |
| 245 00 - TITLE STATEMENT | |
| Title | Using UK grown Sitka spruce for external cladding |
| 260 ## - PUBLICATION, DISTRIBUTION, ETC. | |
| Place of publication, distribution, etc. | Watford |
| Name of publisher, distributor, etc. | BRE |
| Date of publication, distribution, etc. | 2006 |
| 300 ## - PHYSICAL DESCRIPTION | |
| Extent | 8p. |
| Other physical details | ill. |
| Dimensions | 30cm. |
| 490 #0 - SERIES STATEMENT | |
| Series statement | BRE Digest |
| Volume/sequential designation | 500 |
| 520 ## - SUMMARY, ETC. | |
| Summary, etc. | Reviews the properties and treatment of Sitka spruce, which is the most widely grown softwood in the UK and which is increasingly being used for timber cladding. Looks at the results of projects funded by the Forestry Commission and the EU Northern Periphery Programme which show that Sitka spruce has the potential for a longer service life than is achieved currently. |
| 590 ## - LOCAL NOTE (RLIN) | |
| Local note | IKA031006 |
| 651 #4 - SUBJECT ADDED ENTRY--GEOGRAPHIC NAME | |
| Geographic name | United Kingdom |
| Chronological subdivision | |
| 690 ## - LOCAL SUBJECT ADDED ENTRY--TOPICAL TERM (OCLC, RLIN) | |
| Topical term or geographic name as entry element | BUILT ENVIRONMENT-BUILDING MATERIALS-TIMBER-TIMBER AND WOOD |
| 700 1# - ADDED ENTRY--PERSONAL NAME | |
| Personal name | Suttie, Ed |
| 710 2# - ADDED ENTRY--CORPORATE NAME | |
| Corporate name or jurisdiction name as entry element | Building Research Establishment |
| 942 ## - ADDED ENTRY ELEMENTS (KOHA) | |
| Suppress in OPAC | 0 |
| Withdrawn status | Lost status | Source of classification or shelving scheme | Damaged status | Not for loan | Home library | Current library | Shelving location | Date acquired | Total Checkouts | Full call number | Barcode | Date last seen | Copy number | Price effective from | Koha item type |
|---|---|---|---|---|---|---|---|---|---|---|---|---|---|---|---|
| Dewey Decimal Classification | London | London | Books | 25/09/2006 | ENQUIRY DESK | 30072368 | 06/08/2019 | 1 | 06/08/2019 | Book |